000 00240nam a2200097Ia 4500
005 20251222114414.0
008 251222s1900||||xx |||||||||||||| ||spa||
082 _aDVD0070/F75/2007
245 4 _aThe kite runner:Cometas en el cielo
942 _cDVD
999 _c2135
_d2135